States With the Most BP Locations - Statistics

General Stats
  • This quiz has been taken 9 times
  • The average score is 7 of 10
Answer Stats
# of Locations State % Correct
370 Florida
86%
664 Michigan
86%
419 New York
86%
499 Ohio
86%
658 Georgia
71%
682 Illinois
71%
278 Virginia
71%
592 North Carolina
57%
701 Wisconsin
57%
343 Indiana
43%
No matching quizzes found
Score Distribution
Percent of People with Each Score
Percentile by Number Answered
Your Score History
You have not taken this quiz